000 00592nam a22002417a 4500
003 UA-OsUOA
001 30308
007 ta
008 20041109b un ||||| |||| 00| 0 ukr d
100 _aГалилей Галилео
090 _a929:001
_bГ15
942 _cBK
040 _aUA-OsUOA
_brus
_cUA-OsUOA
_dUA-OsUOA
245 _aПробирных дел мастер
_cПер. Ю. А.Данилова
300 _a272 с.
955 _a0
041 _arus
080 _a929:001
260 _aМосква
_bНаука
_c1987
044 _aRU
650 7 _2UDC
999 _c316718
_d316718